Statistics for 2024 NFL Draft 1st Round

Click here to take the quiz!

General Stats

  • This quiz has been taken 45 times
  • The average score is 28 of 32

Answer Stats

PickTeamPos.SchoolAnswer% Correct
12BroncosQBOregonBo Nix
100%
13RaidersTEGeorgiaBrock Bowers
100%
1BearsQBUSCCaleb Williams
100%
3PatriotsQBUNCDrake Maye
100%
2CommandersQBLSUJayden Daniels
100%
10VikingsQBMichiganJJ McCarthy
100%
5ChargersOTNotre DameJoe Alt
100%
6GiantsWRLSUMalik Nabers
100%
4CardinalsWROhio StateMarvin Harrison Jr
100%
8FalconsQBWashingtonMichael Penix Jr
100%
16SeahawksDTTexasByron Murphy II
98%
17VikingsEDGEAlabamaDallas Turner
95%
9BearsWRWashingtonRome Odunze
95%
28ChiefsWRTexasXavier Worthy
95%
21DolphinsEDGEPenn StateChop Robinson
93%
27CardinalsDLMissouriDarius Robinson
88%
19RamsEDGEFlorida StateJared Verse
88%
7TitansOTAlabamaJC Latham
88%
24LionsCBAlabamaTerrion Arnold
85%
32PanthersWRSouth CarolinaXavier Legette
85%
23JaguarsWRLSUBrian Thomas Jr
83%
15ColtsEDGEUCLALaiatu Latu
83%
22EaglesCBToledoQuinyon Mitchell
83%
18BengalsOTGeorgiaAmarius Mims
78%
30RavensCBClemsonNate Wiggins
78%
3149ersWRFloridaRicky Pearsall
75%
14SaintsOTOregon StateTaliese Fuaga
75%
11JetsOTPenn StateOlu Fashanu
70%
25PackersOTArizonaJordan Morgan
68%
26BucsOLDukeGraham Barton
65%
29CowboysOTOklahomaTyler Guyton
65%
20SteelersOLWashingtonTroy Fautanu
63%

Score Distribution

Percentile by Number Answered

Percent of People with Each Score

Your Score History

You have not taken this quiz